[Event "Christmas special"]
[Site "SchemingMind.com"]
[Date "2018.01.01"]
[Round "-"]
[White "Stephen Woodhouse"]
[Black "Chessibelle"]
[Result "1-0"]
[WhiteCountry "ENG"]
[BlackCountry "ENG"]
[WhiteElo "1821"]
[WhiteRD "63"]
[BlackElo "1069"]
[BlackRD "60"]
[GameID "422746"]

1. e4 e5 2. Nf3 Nc6 3. d4 Bd6 4. Bc4 h6 5. Nc3 Nf6 6. O-O O-O 7. Re1 a6 8. dxe5 Nxe5 9. Nxe5 Bxe5 10. f4 Bd4+
11. Qxd4 d6 12. Nd5 c5 13. Nxf6+ gxf6 14. Qd3 Qa5 15. Bd2 Qb6 16. Bc3 Qc6 17. Bxf6 Qd7 18. h3 b5 19. Qg3+ Kh7 20. Qg7#
1-0

[Event "Christmas special"]
[Site "SchemingMind.com"]
[Date "2018.01.01"]
[Round "-"]
[White "Wojtek26"]
[Black "Stephen Woodhouse"]
[Result "0-1"]
[WhiteCountry "POL"]
[BlackCountry "ENG"]
[WhiteElo "1457"]
[WhiteRD "52"]
[BlackElo "1821"]
[BlackRD "63"]
[GameID "422747"]

1. e4 e6 2. d4 d5 3. e5 c5 4. c3 Nc6 5. Nf3 Bd7 6. Be2 Nge7 7. O-O Ng6 8. Bg5 Be7 9. Bxe7 Ngxe7 10. Nbd2 cxd4
11. cxd4 Rc8 12. Rc1 Nf5 13. Nb3 O-O 14. Nc5 b6 15. Nb7 Qc7 16. Nd6 Nxd6 17. exd6 Qxd6 18. Bb5 Na5 19. Bxd7 Qxd7 20. Ne5 Rxc1
21. Qxc1 Qc8 22. b3 f6 23. Nf3 Kf7 24. h3 Ke7 25. Qd2 Qd7 26. Rc1 Rc8 27. Ne1 Rc6 28. Nd3 Qc7 29. Rxc6 Qxc6 30. Nb4 Qc7
31. Na6 Qc8 32. Nb4 Nc6 33. Nxc6+ Qxc6 34. Qb4+ Kf7 35. Qd2 e5 36. dxe5 fxe5 37. Qd3 g6 38. f3 Ke6 39. Kf2 e4 40. fxe4 dxe4
41. Qd4 Qc5 42. Qe3 Qxe3+ 43. Kxe3 Ke5 44. g4 g5 45. b4 b5
0-1

[Event "Christmas special"]
[Site "SchemingMind.com"]
[Date "2018.01.05"]
[Round "-"]
[White "TheHornedReaper "]
[Black "Mitch The Man"]
[Result "0-1"]
[WhiteCountry "ROU"]
[BlackCountry "USA"]
[WhiteElo "1246"]
[WhiteRD "49"]
[BlackElo "1358"]
[BlackRD "65"]
[GameID "422865"]

1. e4 e5 2. Nf3 Bd6 3. Bc4 Nh6 4. d4 exd4 5. Bxh6 gxh6 6. Qxd4 Rg8 7. Nc3 Rxg2 8. Qh8+ Bf8 9. Qxh7 Qf6 10. Qf5 Qxf5
11. exf5 Bc5 12. Ne4 Bxf2+ 13. Nxf2 Rg7 14. O-O-O f6 15. Nh4 d6 16. Rhe1+ Kd8 17. Ng6 Bxf5 18. Nh4 Bh7 19. Nf3 a5 20. a3 b5
21. Bd5 Ra7 22. Nd4 c6 23. Bxc6 Rge7 24. Bxb5 Rxe1 25. Rxe1 Re7 26. Rxe7 Kxe7 27. Nc6+ Nxc6 28. Nd3 Nd4 29. Ba4 Ne2+ 30. Kd2 Nd4
31. c3 Nf3+ 32. Ke2 Nxh2 33. Bb3 f5 34. Nf4 Ng4
0-1

[Event "Christmas special"]
[Site "SchemingMind.com"]
[Date "2018.01.05"]
[Round "-"]
[White "TheHornedReaper "]
[Black "Kenny Elliott"]
[Result "0-1"]
[WhiteCountry "ROU"]
[BlackCountry "USA"]
[WhiteElo "1246"]
[WhiteRD "49"]
[BlackElo "1543"]
[BlackRD "71"]
[GameID "422866"]

1. e4 c5 2. Nf3 d6 3. d4 cxd4 4. Nxd4 e5 5. Nb3 Nf6 6. Bg5 Be7 7. Nc3 O-O 8. Bxf6 Bxf6 9. Be2 Nc6 10. O-O Be6
11. Bd3 a6 12. Qe2 Bxb3 13. cxb3 Nd4 14. Qd1 Bg5 15. Bc4 Rc8 16. f4 Bxf4 17. Rxf4 exf4 18. Qxd4 Qg5 19. Rf1 Qg4 20. Nd5 Rfe8
21. Nf6+ gxf6 22. Qxf6 Rf8 23. h3 Qg3 24. Qxf4 Qxf4 25. Rxf4 b5 26. Bd5 Rc1+ 27. Kh2 Rc2 28. Rg4+ Kh8 29. b4 Rxb2 30. Bb3 h6
0-1

[Event "Christmas special"]
[Site "SchemingMind.com"]
[Date "2018.01.05"]
[Round "-"]
[White "Phillip Beckett"]
[Black "TheHornedReaper "]
[Result "1-0"]
[WhiteCountry "ENG"]
[BlackCountry "ROU"]
[WhiteElo "1643"]
[WhiteRD "55"]
[BlackElo "1246"]
[BlackRD "49"]
[GameID "422867"]

1. d4 d5 2. c4 e6 3. Nc3 Nf6 4. Bg5 Be7 5. e3 O-O 6. Nf3 dxc4 7. Bxc4 a6 8. O-O b5 9. Bd3 Bb7 10. Bxf6 Bxf6
11. Nd2 Nd7 12. Nde4 Rc8 13. Qc2 c5 14. dxc5 Nxc5 15. Nxc5 Rxc5 16. Be4 Bxe4 17. Qxe4 Bxc3 18. bxc3 Qb6 19. Rac1 f5 20. Qd4 Rd8
21. Qh4 Rcd5 22. c4 R5d7 23. cxb5 axb5 24. Qb4 Rd5 25. Rc2 Rd1 26. Rc1 Rxf1+ 27. Rxf1 Rc8 28. g3 Kf7 29. Rb1 Rb8 30. a4 Qa6
31. axb5 Qb6 32. Qd4 Qxd4 33. exd4 Ke7 34. b6 Kd6 35. b7 Kc6 36. Kf1 Rxb7 37. Rxb7 Kxb7 38. Ke2 Kc6 39. Ke3 Kd5 40. Kd3
1-0

[Event "Christmas special"]
[Site "SchemingMind.com"]
[Date "2018.01.05"]
[Round "-"]
[White "TheHornedReaper "]
[Black "Scooter"]
[Result "0-1"]
[WhiteCountry "ROU"]
[BlackCountry "USA"]
[WhiteElo "1554"]
[WhiteRD "82"]
[BlackElo "1679"]
[BlackRD "56"]
[GameID "422868"]

1. e4 c6 2. d4 d5 3. e5 Bf5 4. Nf3 e6 5. Be2 Nd7 6. O-O c5 7. c3 cxd4 8. cxd4 Bb4 9. Nc3 Ne7 10. Bb5 Bxc3
11. bxc3 a6 12. Bd3 Bxd3 13. Qxd3 Nb6 14. Ba3 Nc4 15. Bc5 b6 16. Bxe7 Qxe7 17. Rab1 O-O 18. Rb3 Rac8 19. Rc1 Rc7 20. Rbb1 Rfc8
21. Rc2 Na3 22. Rbc1 Nxc2 23. Rxc2 b5 24. Nd2 Qa3 25. Nb3 b4 26. Nc5 bxc3 27. Rxc3 Qxa2 28. h3 a5 29. Rc2 Qb1+ 30. Kh2 g6
31. Qd2 Qb4 32. Qc1 Qxd4
0-1

[Event "Christmas special"]
[Site "SchemingMind.com"]
[Date "2018.01.05"]
[Round "-"]
[White "ray winteringham"]
[Black "TheHornedReaper "]
[Result "1-0"]
[WhiteCountry "ENG"]
[BlackCountry "ROU"]
[WhiteElo "1528"]
[WhiteRD "52"]
[BlackElo "1554"]
[BlackRD "82"]
[GameID "422869"]

1. e4 e6 2. d4 d5 3. e5 c5 4. c3 Qb6 5. Nf3 Nc6 6. Qc2 cxd4 7. Be2 dxc3 8. Nxc3 Bb4 9. Bd2 Bd7 10. a3 Bxc3
11. Bxc3 Nge7 12. Ng5 Ng6 13. O-O O-O 14. h4 h6 15. Nh3 Ngxe5 16. Rad1 Rac8 17. Qb1 f6 18. Kh1 Nf7 19. Nf4 d4 20. g3 dxc3
21. Rxd7 cxb2 22. Nxe6 Rfe8 23. Nf4 Nce5 24. Rd2 Nc4 25. Bxc4 Re7 26. Rxb2 Qc7 27. Rc1 Qb8 28. Ng6 Rec7 29. Qa2 b6 30. Bxf7+ Rxf7
31. Rxc8+
1-0

[Event "Christmas special"]
[Site "SchemingMind.com"]
[Date "2018.01.05"]
[Round "-"]
[White "TheHornedReaper "]
[Black "Chessibelle"]
[Result "1-0"]
[WhiteCountry "ROU"]
[BlackCountry "ENG"]
[WhiteElo "1672"]
[WhiteRD "89"]
[BlackElo "1058"]
[BlackRD "58"]
[GameID "422870"]

1. e4 e5 2. Nf3 Nc6 3. Bb5 Nge7 4. O-O d5 5. exd5 Nxd5 6. Nxe5 Qd6 7. Re1 Be7 8. d4 Be6 9. c4 Nf6 10. d5 Nxd5
11. cxd5 Bxd5 12. Nc3 O-O 13. Qxd5 Qf6 14. Bxc6 Rad8 15. Bd7 h6 16. Bd2 g5 17. Rad1 Qg7 18. Bc1 Kh8 19. Qxb7 f6 20. Nc6 Rxd7
21. Rxd7 Kh7 22. Rexe7 Rf7 23. Rxf7
1-0

[Event "Christmas special"]
[Site "SchemingMind.com"]
[Date "2018.01.05"]
[Round "-"]
[White "TheHornedReaper "]
[Black "Stephen Woodhouse"]
[Result "0-1"]
[WhiteCountry "ROU"]
[BlackCountry "ENG"]
[WhiteElo "1554"]
[WhiteRD "82"]
[BlackElo "1852"]
[BlackRD "65"]
[GameID "422871"]

1. e4 e6 2. d4 d5 3. e5 c5 4. c3 Nc6 5. Nf3 Bd7 6. Be2 Nge7 7. O-O Ng6 8. b3 Be7 9. Bb2 O-O 10. Re1 Nh4
11. Nbd2 Nxf3+ 12. Nxf3 cxd4 13. cxd4 Rc8 14. Rc1 Qb6 15. Bf1 Nb4 16. a3 Na2 17. Ra1 Nc3 18. Qd2 Ne4 19. Qd1 Bb5 20. Bxb5 Qxb5
21. Rc1 Rxc1 22. Bxc1 Rc8 23. Bb2 Qc6 24. Re2 Nc3 25. Bxc3 Qxc3 26. Re3 Qc1 27. Qxc1 Rxc1+ 28. Re1 Bxa3 29. Rxc1 Bxc1 30. Kf1 f6
31. exf6 gxf6 32. Ke2 Kf7 33. Kd3 Bf4 34. g3 Bd6 35. h4 a5 36. Nd2 e5 37. dxe5 fxe5 38. Nf3 e4+
0-1

[Event "Christmas special"]
[Site "SchemingMind.com"]
[Date "2018.01.10"]
[Round "-"]
[White "Wojtek26"]
[Black "TheHornedReaper "]
[Result "1-0"]
[WhiteCountry "POL"]
[BlackCountry "ROU"]
[WhiteElo "1498"]
[WhiteRD "62"]
[BlackElo "1246"]
[BlackRD "49"]
[GameID "422872"]

1. d4 d5 2. c4 e6 3. e3 Nf6 4. Nf3 Be7 5. Be2 O-O 6. O-O Nbd7 7. a3 dxc4 8. Bxc4 a6 9. b4 b5 10. Bb3 Bb7
11. Nbd2 Rc8 12. Bb2 Re8 13. h3 h6 14. Qc2 Nf8 15. Rac1 c6 16. Ne5 Rc7 17. Ndf3 Qc8 18. Nd2 Ng6 19. Ndf3 Rd8 20. Rfd1 Nd5
21. Nxg6 fxg6 22. Qxg6 Nf6 23. Ne5 Rf8 24. Rc2 Bd6 25. Ng4 Kh8 26. e4 Be7 27. d5 cxd5 28. Nxh6 Rxc2 29. Nf7+ Rxf7 30. Qxf7 Rc7
31. e5 Nh7 32. Rd4 Bf6 33. Qh5 Bg5 34. Rg4
1-0

[Event "Christmas special"]
[Site "SchemingMind.com"]
[Date "2018.01.13"]
[Round "-"]
[White "Mitch The Man"]
[Black "private napoleon"]
[Result "0-1"]
[WhiteCountry "USA"]
[BlackCountry "ENG"]
[WhiteElo "1294"]
[WhiteRD "60"]
[BlackElo "1783"]
[BlackRD "90"]
[GameID "423151"]

1. e4 e5 2. Nf3 Nc6 3. Bc4 Bc5 4. O-O Nf6 5. d3 O-O 6. Bg5 Be7 7. Bxf6 Bxf6 8. a3 d6 9. Nc3 Bg4 10. Qd2 Bxf3
11. gxf3 Nd4 12. Nd5 Nxf3+
0-1

[Event "Christmas special"]
[Site "SchemingMind.com"]
[Date "2018.01.12"]
[Round "-"]
[White "Kenny Elliott"]
[Black "private napoleon"]
[Result "0-1"]
[WhiteCountry "USA"]
[BlackCountry "ENG"]
[WhiteElo "1510"]
[WhiteRD "67"]
[BlackElo "1805"]
[BlackRD "85"]
[GameID "423152"]

1. d4 d5 2. c4 Bf5 3. cxd5 Qxd5 4. Nc3 Qd8 5. Qa4+ c6 6. Bf4 e6 7. e4 Bg6 8. d5 exd5 9. exd5 Nf6 10. dxc6 Nxc6
11. Bb5 Qd7 12. Rd1 Qe6+ 13. Be3 Bc5 14. Rd2 O-O 15. Bxc6 Bxe3 16. fxe3 Qxe3+ 17. Re2 Qc1+ 18. Nd1 bxc6 19. Qa6 Bh5 20. Nf3 Bxf3
21. gxf3 Rae8 22. O-O Rxe2 23. Qxe2 Re8 24. Qa6 Qc5+ 25. Kh1 h6 26. Nc3 Rd8 27. Qe2 Nd5 28. Qe5 Qc4 29. Rc1 Nxc3 30. Qxc3 Qe2
31. Rg1 g6 32. Qf6 Rd2 33. Qf4 Rxb2 34. a4 c5 35. a5 c4 36. a6 c3 37. Rg2 Qxg2#
0-1

[Event "Christmas special"]
[Site "SchemingMind.com"]
[Date "2018.01.12"]
[Round "-"]
[White "private napoleon"]
[Black "Phillip Beckett"]
[Result "0-1"]
[WhiteCountry "ENG"]
[BlackCountry "ENG"]
[WhiteElo "1805"]
[WhiteRD "85"]
[BlackElo "1550"]
[BlackRD "52"]
[GameID "423153"]

1. e4 e5 2. f4 Qh4+ 3. g3 Qe7 4. Nf3 exf4 5. gxf4 Qxe4+ 6. Qe2 Qxe2+ 7. Bxe2 c6 8. d4 d5 9. Nc3 Bb4 10. Bd2 Nf6
11. O-O-O O-O 12. Ne5 Nbd7 13. Rdg1 Bxc3 14. Bxc3 Ne4 15. Rg2 Nxe5 16. dxe5 Nxc3 17. bxc3 Bf5 18. Rhg1 g6 19. Bd3 Bxd3 20. cxd3 Rfe8
21. d4 a5 22. Kd2 Ra6 23. Rb1 b5 24. h4 Rb8 25. Kd3 b4 26. Rgb2 Rab6 27. Ke3 Kf8 28. Kd3 Ke7 29. Ke3 Kd7 30. Kd3 Kc7
31. Kd2 bxc3+ 32. Kxc3 Rxb2 33. Rxb2 Rxb2 34. Kxb2 Kb6 35. Kc3 Kb5 36. Kd3 Kb4 37. Kc2 Kc4
0-1

[Event "Christmas special"]
[Site "SchemingMind.com"]
[Date "2018.01.12"]
[Round "-"]
[White "Scooter"]
[Black "private napoleon"]
[Result "0-1"]
[WhiteCountry "USA"]
[BlackCountry "ENG"]
[WhiteElo "1656"]
[WhiteRD "56"]
[BlackElo "1805"]
[BlackRD "85"]
[GameID "423154"]

1. d4 d5 2. Nf3 Nc6 3. Bf4 Bf5 4. c3 e6 5. e3 Nf6 6. Bb5 Bd6 7. Bxd6 Qxd6 8. O-O O-O 9. Bxc6 Qxc6 10. Nbd2 Qb6
11. Qb3 Rfe8 12. Qxb6 axb6 13. Rfe1 Bg4 14. Ne5 Bh5 15. c4 c6 16. cxd5 exd5 17. b4 Bg6 18. Nxg6 hxg6 19. a4 Ra6 20. b5 cxb5
21. axb5 Rxa1 22. Rxa1 Rc8 23. h3 Rc2 24. Nf3 Ne4 25. Rb1 Nxf2 26. Ne5 Ne4 27. Nd7 Nc3 28. Rb4 Nd1 29. Nxb6 Nxe3 30. Rb3 Nxg2
31. Nxd5 Nh4 32. Rd3 Nf5 33. Nb4 Rb2
0-1

[Event "Christmas special"]
[Site "SchemingMind.com"]
[Date "2018.01.12"]
[Round "-"]
[White "private napoleon"]
[Black "Wojtek26"]
[Result "1-0"]
[WhiteCountry "ENG"]
[BlackCountry "POL"]
[WhiteElo "1805"]
[WhiteRD "85"]
[BlackElo "1426"]
[BlackRD "54"]
[GameID "423155"]

1. e4 e5 2. Nc3 Nf6 3. Bc4 Bb4 4. d3 O-O 5. Ne2 Nc6 6. O-O d6 7. Bg5 h6 8. Bh4 g5 9. Bg3 Nd4 10. Nxd4 exd4
11. Ne2 Bg4 12. a3 Ba5 13. b4 Bb6 14. Qd2 Be6 15. h4 d5 16. exd5 Nxd5 17. hxg5 hxg5 18. Be5 f6 19. Bg3 Rf7 20. Bxd5 Bxd5
21. f4 g4 22. Kf2 f5 23. Rh1 Rh7 24. Rxh7 Kxh7 25. Rh1+ Kg7 26. Bh4 Qe8 27. Ng3 Qf7 28. Nh5+ Kf8 29. Bg5 Re8 30. Nf6 Qe6
31. Rh8+
1-0

[Event "Christmas special"]
[Site "SchemingMind.com"]
[Date "2018.01.17"]
[Round "-"]
[White "private napoleon"]
[Black "TheHornedReaper "]
[Result "1-0"]
[WhiteCountry "ENG"]
[BlackCountry "ROU"]
[WhiteElo "1771"]
[WhiteRD "91"]
[BlackElo "1246"]
[BlackRD "49"]
[GameID "423156"]

1. e4 e6 2. d4 d5 3. e5 c5 4. Qg4 Qb6 5. Nf3 f5 6. Qg3 cxd4 7. Bd3 Ne7 8. O-O Ng6 9. Re1 Be7 10. a3 Bd7
11. h4 f4 12. Bxg6+ hxg6 13. Qxg6+ Kf8 14. Nbd2 Nc6 15. h5 Rh6 16. Qg4 Be8 17. Nb3 Bxh5 18. Qxf4+ Ke8 19. Bd2 Bg6 20. Qg4 Bf5
21. Qxg7 Bf8 22. Qg5 Rg6 23. Qh5
1-0

[Event "Christmas special"]
[Site "SchemingMind.com"]
[Date "2018.01.12"]
[Round "-"]
[White "ray winteringham"]
[Black "private napoleon"]
[Result "0-1"]
[WhiteCountry "ENG"]
[BlackCountry "ENG"]
[WhiteElo "1481"]
[WhiteRD "50"]
[BlackElo "1783"]
[BlackRD "90"]
[GameID "423157"]

1. e4 e5 2. Nf3 Nc6 3. Bb5 a6 4. Bxc6 dxc6 5. d3 f6 6. Nxe5 fxe5 7. Be3 Nf6 8. Nd2 Bb4 9. c3 Ba5 10. b4 Bb6
11. Qb3 Bxe3 12. fxe3 Qxd3 13. O-O-O Bg4 14. Nf3 Qxe3+ 15. Kb2 Nxe4 16. Rdf1 Bxf3 17. Rxf3 Qd2+ 18. Ka3 O-O-O 19. Qe6+ Kb8 20. Qxe5 Rhe8
21. Qxg7 Rg8 22. Qxh7 Nxc3 23. Rxc3 Qxc3+ 24. Ka4 b5+ 25. Ka5 Qa3#
0-1

[Event "Christmas special"]
[Site "SchemingMind.com"]
[Date "2018.01.12"]
[Round "-"]
[White "private napoleon"]
[Black "Chessibelle"]
[Result "1-0"]
[WhiteCountry "ENG"]
[BlackCountry "ENG"]
[WhiteElo "1783"]
[WhiteRD "90"]
[BlackElo "1069"]
[BlackRD "60"]
[GameID "423158"]

1. Nh3 e6 2. g3 d5 3. Bg2 Nc6 4. O-O g6 5. d4 Nf6 6. f4 Be7 7. Ng5 O-O 8. Nf3 Ne4 9. Ne5 Nd6 10. Nxc6 Qe8
11. Nxe7+ Qxe7 12. Nd2 f5 13. Nf3 c6 14. Ne5 Qg7 15. b3 Ne4 16. Bxe4 fxe4 17. Ba3 Rf6 18. e3 b5 19. Nxc6 Kh8 20. Ne5 Bb7
21. Qe2 a6 22. Rac1 Rc8 23. c4 h5 24. cxb5 Ra8 25. b6 g5 26. Rc7 Qg8 27. Qxh5+
1-0

[Event "Christmas special"]
[Site "SchemingMind.com"]
[Date "2018.01.12"]
[Round "-"]
[White "private napoleon"]
[Black "Stephen Woodhouse"]
[Result "1-0"]
[WhiteCountry "ENG"]
[BlackCountry "ENG"]
[WhiteElo "1805"]
[WhiteRD "85"]
[BlackElo "1830"]
[BlackRD "66"]
[GameID "423159"]

1. e4 e6 2. d4 d5 3. e5 c5 4. Qg4 Nc6 5. Nf3 Nxd4 6. Nxd4 cxd4 7. Qxd4 Ne7 8. Bb5+ Bd7 9. Bxd7+ Qxd7 10. O-O Nc6
11. Qf4 Be7 12. Re1 O-O 13. Nc3 Rac8 14. Bd2 Nb4 15. Rac1 d4 16. Ne4 Nxc2 17. Rxc2 Rxc2 18. Nf6+ gxf6 19. exf6 Bxf6 20. Qxf6 Qd8
21. Qh6 Qd5 22. f3 Qf5 23. Re4 f6 24. Rg4+ Kf7 25. Bb4 Rc5 26. Bxc5 Qxc5 27. Rg7+ Ke8 28. Rxb7 d3+ 29. Kh1 Qe5 30. Qc1 Qd6
31. Qc8+
1-0

[Event "Christmas special"]
[Site "SchemingMind.com"]
[Date "2018.01.12"]
[Round "-"]
[White "Keithk"]
[Black "Stephen Woodhouse"]
[Result "1-0"]
[WhiteCountry "ENG"]
[BlackCountry "ENG"]
[WhiteElo "1996"]
[WhiteRD "109"]
[BlackElo "1821"]
[BlackRD "63"]
[GameID "423195"]

1. e4 e6 2. d4 d5 3. Nc3 Nf6 4. Bg5 Be7 5. e5 Nfd7 6. Bxe7 Qxe7 7. f4 c5 8. Nb5 Kd8 9. Nf3 Nc6 10. Nd6 f6
11. Bb5 cxd4 12. Bxc6 bxc6 13. O-O Ba6 14. Nxd4 Kc7 15. Qe1 Bxf1 16. Qa5+ Nb6 17. Rxf1 Rhd8 18. Qc5 Kb8 19. Nxc6+
1-0

[Event "Christmas special"]
[Site "SchemingMind.com"]
[Date "2018.01.13"]
[Round "-"]
[White "Mitch The Man"]
[Black "Keithk"]
[Result "0-1"]
[WhiteCountry "USA"]
[BlackCountry "ENG"]
[WhiteElo "1294"]
[WhiteRD "60"]
[BlackElo "1996"]
[BlackRD "109"]
[GameID "423196"]

1. e4 e5 2. Nc3 d5 3. Nxd5 Nf6 4. Bb5+ c6 5. Nxf6+ Qxf6 6. Bd3 Be6 7. Nf3 Nd7 8. O-O g5 9. Be2 g4 10. Ne1 h5
11. b3 Qg6 12. d3 O-O-O 13. Bb2 h4 14. Qd2 Bh6 15. Qa5 Kb8 16. Ba3 g3 17. Bd6+ Ka8 18. fxg3 Be3+ 19. Kh1 hxg3 20. Nf3 Rxh2+
21. Nxh2 Rh8
0-1

[Event "Christmas special"]
[Site "SchemingMind.com"]
[Date "2018.01.13"]
[Round "-"]
[White "Kenny Elliott"]
[Black "Keithk"]
[Result "0-1"]
[WhiteCountry "USA"]
[BlackCountry "ENG"]
[WhiteElo "1562"]
[WhiteRD "67"]
[BlackElo "1996"]
[BlackRD "109"]
[GameID "423197"]

1. d4 Nf6 2. c4 e6 3. Nc3 Bb4 4. Bd2 O-O 5. Nf3 b6 6. g3 Ba6 7. Bg2 Bxc4 8. Ne5 Bd5 9. Bxd5 exd5 10. Qc2 c5
11. Nd3 Nc6 12. Nxb4 cxb4 13. Nxd5 Nxd5 14. Qc4 Nf6 15. Bxb4 b5 16. Qc3 Nd5 17. Qd3 Ndxb4 18. Qc3 Nxd4
0-1

[Event "Christmas special"]
[Site "SchemingMind.com"]
[Date "2018.01.12"]
[Round "-"]
[White "Keithk"]
[Black "Phillip Beckett"]
[Result "1-0"]
[WhiteCountry "ENG"]
[BlackCountry "ENG"]
[WhiteElo "1996"]
[WhiteRD "109"]
[BlackElo "1564"]
[BlackRD "49"]
[GameID "423198"]

1. e4 e5 2. Nf3 Nc6 3. Bb5 a6 4. Ba4 Nf6 5. O-O Be7 6. Re1 b5 7. Bb3 O-O 8. c3 d5 9. exd5 Nxd5 10. Nxe5 Nxe5
11. Rxe5 Nf6 12. d4 Bd6 13. Re1 Ng4 14. h3 Qh4 15. Qf3 Nxf2 16. Re2 Bb7 17. Qxf2 Bg3 18. Qf1 Rae8 19. Qxf7+ Kh8 20. Rxe8 Bf2+
21. Kf1
1-0

[Event "Christmas special"]
[Site "SchemingMind.com"]
[Date "2018.01.13"]
[Round "-"]
[White "Scooter"]
[Black "Keithk"]
[Result "0-1"]
[WhiteCountry "USA"]
[BlackCountry "ENG"]
[WhiteElo "1671"]
[WhiteRD "51"]
[BlackElo "1996"]
[BlackRD "109"]
[GameID "423199"]

1. d4 Nf6 2. Nf3 e6 3. Bg5 c5 4. e3 h6 5. Bxf6 Qxf6 6. c3 d5 7. Bb5+ Bd7 8. Bxd7+ Nxd7 9. O-O cxd4 10. cxd4 Qd8
11. Nbd2 Bd6 12. Rc1 O-O 13. a3 Rc8 14. b4 Rxc1 15. Qxc1 a5 16. b5 Nb6 17. Qb2 Qc7 18. Rc1 Qe7 19. Rc2 Bxa3 20. Qa2 Rc8
21. Rxc8+ Nxc8 22. Nb1 Bb4 23. Ne5 Qc7 24. Nd3 Nd6 25. g3 Ne4 26. Nxb4 Qc1+ 27. Kg2 axb4 28. Qb3 Qe1 29. Qb2 Nxf2 30. Qxf2 Qxb1
31. Qf4 Qe4+ 32. Qxe4 dxe4
0-1

[Event "Christmas special"]
[Site "SchemingMind.com"]
[Date "2018.01.13"]
[Round "-"]
[White "Keithk"]
[Black "private napoleon"]
[Result "1-0"]
[WhiteCountry "ENG"]
[BlackCountry "ENG"]
[WhiteElo "1996"]
[WhiteRD "109"]
[BlackElo "1783"]
[BlackRD "90"]
[GameID "423200"]

1. e4 c5 2. Nf3 d6 3. d4 cxd4 4. Nxd4 Nf6 5. Nc3 a6 6. Be3 e5 7. Nb3 Be6 8. f3 b5 9. a4 b4 10. Nd5 Bxd5
11. exd5 Be7 12. a5 Nbd7 13. Ra4 Rb8 14. Bxa6 O-O 15. O-O Qc7 16. Kh1 Ra8 17. Bb5 Rfc8 18. Qd3 Qxc2 19. Qxc2 Rxc2 20. Bc6 Rb8
21. Rf2 Rxf2 22. Bxf2 Nc5 23. Nxc5 dxc5 24. a6
1-0

[Event "Christmas special"]
[Site "SchemingMind.com"]
[Date "2018.01.12"]
[Round "-"]
[White "Keithk"]
[Black "ray winteringham"]
[Result "1-0"]
[WhiteCountry "ENG"]
[BlackCountry "ENG"]
[WhiteElo "1996"]
[WhiteRD "109"]
[BlackElo "1481"]
[BlackRD "50"]
[GameID "423201"]

1. e4 c5 2. Nf3 Nc6 3. Bb5 d6 4. O-O Bd7 5. Re1 e5 6. c3 a6 7. Bxc6 Bxc6 8. d4 b6 9. dxe5 Be7 10. Nbd2 f6
11. exd6 Bxd6 12. e5 fxe5 13. Nxe5 Ne7 14. Nxc6 Qc7 15. Nxe7 Bxe7 16. Qf3 O-O-O 17. Nc4 Rhf8 18. Qa8+ Kd7 19. Qe4 Rde8 20. Qe6+ Kd8
21. Bg5 Bxg5 22. Red1+ Qd7 23. Qxd7#
1-0

[Event "Christmas special"]
[Site "SchemingMind.com"]
[Date "2018.01.12"]
[Round "-"]
[White "Chessibelle"]
[Black "Keithk"]
[Result "0-1"]
[WhiteCountry "ENG"]
[BlackCountry "ENG"]
[WhiteElo "1069"]
[WhiteRD "60"]
[BlackElo "1996"]
[BlackRD "109"]
[GameID "423202"]

1. e4 e5 2. Nf3 Nc6 3. b4 Bxb4 4. Bb2 d5 5. Be2 dxe4 6. Nxe5 Qg5 7. Nc4 Qxg2 8. Rf1 Bh3 9. c3 Be7 10. Ne3 Qxh2
11. Qb3 O-O-O 12. Na3 Bxf1 13. Nxf1 Qf4 14. O-O-O Qxf2 15. Bc4 Nf6 16. Bxf7 Kb8 17. Ne3 Rxd2 18. Nec2 Rxd1+ 19. Kxd1 Rd8+ 20. Nd4 Ng4
21. Nc2 Qf1+ 22. Kd2 Bg5+ 23. Ne3 Bxe3+ 24. Kc2 Qd3#
0-1

[Event "Christmas special"]
[Site "SchemingMind.com"]
[Date "2018.01.14"]
[Round "-"]
[White "Keithk"]
[Black "Wojtek26"]
[Result "1-0"]
[WhiteCountry "ENG"]
[BlackCountry "POL"]
[WhiteElo "1996"]
[WhiteRD "109"]
[BlackElo "1457"]
[BlackRD "52"]
[GameID "423203"]

1. e4 e5 2. Nf3 Nc6 3. Bb5 Nge7 4. O-O a6 5. Ba4 b5 6. Bb3 g6 7. d4 exd4 8. Ng5 d5 9. Qf3 Be6 10. Re1 dxe4
11. Qxe4 Bf5 12. Qxc6+
1-0

[Event "Christmas special"]
[Site "SchemingMind.com"]
[Date "2018.01.17"]
[Round "-"]
[White "Keithk"]
[Black "TheHornedReaper "]
[Result "1-0"]
[WhiteCountry "ENG"]
[BlackCountry "ROU"]
[WhiteElo "2306"]
[WhiteRD "75"]
[BlackElo "1554"]
[BlackRD "82"]
[GameID "423204"]

1. e4 e6 2. d4 d5 3. Nc3 Bb4 4. e5 c5 5. a3 Bxc3+ 6. bxc3 Qc7 7. Qg4 f5 8. Qg3 cxd4 9. cxd4 Nc6 10. Ne2 Bd7
11. Qxg7 O-O-O 12. Bg5 Qa5+ 13. Bd2 Qc7 14. Qxh8 Nh6 15. Qg7 Ng8 16. Rb1 Nce7 17. Qxh7 Bc6 18. Nf4 Qd7 19. Qf7 Nh6 20. Qxe6 Qxe6
21. Nxe6 Rd7 22. Bxh6
1-0

[Event "Christmas special"]
[Site "SchemingMind.com"]
[Date "2018.01.14"]
[Round "-"]
[White "Black Knight"]
[Black "Mitch The Man"]
[Result "0-1"]
[WhiteCountry "USA"]
[BlackCountry "USA"]
[WhiteElo "1304"]
[WhiteRD "47"]
[BlackElo "1294"]
[BlackRD "60"]
[GameID "423255"]

1. e4 e5 2. Nf3 d6 3. Nc3 c6 4. Bc4 h6 5. d3 Be7 6. O-O Nf6 7. h3 O-O 8. a3 b5 9. Ba2 Be6 10. Bxe6 fxe6
11. Be3 Kh7 12. b4 Ng8 13. Qd2 Nd7 14. Rfe1 Rf7 15. Ne2 Nf8 16. Ng3 Ng6 17. c4 Nf4 18. c5 a6 19. cxd6 Qxd6 20. Bc5 Qc7
21. d4 Bxc5 22. Nxe5 Rff8 23. dxc5 Qxe5 24. Ne2 Rad8 25. Qe3 Rd3 26. Qc1 Nxh3+ 27. gxh3 Rxh3 28. Ng3 Rxg3+ 29. fxg3 Qxg3+ 30. Kh1 Qf3+
31. Kg1 Qf2+ 32. Kh1 Qh4+ 33. Kg2 Rf2+
0-1

[Event "Christmas special"]
[Site "SchemingMind.com"]
[Date "2018.01.14"]
[Round "-"]
[White "Black Knight"]
[Black "Kenny Elliott"]
[Result "0-1"]
[WhiteCountry "USA"]
[BlackCountry "USA"]
[WhiteElo "1304"]
[WhiteRD "47"]
[BlackElo "1562"]
[BlackRD "67"]
[GameID "423256"]

1. Nf3 c5 2. e4 d6 3. Nc3 Nf6 4. Bb5+ Bd7 5. Bxd7+ Nbxd7 6. d3 e5 7. Bg5 Be7 8. Bxf6 Nxf6 9. O-O O-O 10. Re1 a6
11. Nd5 Nxd5 12. exd5 Bf6 13. c4 Qd7 14. Qd2 b5 15. b3 b4 16. Ng5 e4 17. d4 Bxd4 18. Rab1 Qg4 19. Rxe4 Qf5 20. Qf4 Qxf4
21. Rxf4 Rae8 22. Ne4 Be5 23. Rf5 Bxh2+ 24. Kxh2 Rxe4 25. f3 Re2 26. Ra1 Rfe8 27. a3 a5 28. a4 Rb2
0-1